000 01646nam a2200361 i 4500
003 DO-SdBNP
005 20250530112450.0
006 a||||gr|||| 00| 0
007 ta
008 210419e 2020 dr er|||| 001 0dspa d
020 _a9789945919073
040 _aDO-SdBNP
_bspa
_cBNPHU
_erda
082 4 _a305.5097293
_bB338m
_222
100 1 _aBaud , Michiel
_d1952-
_978425
245 1 0 _aModernidad y luchas sociales en la sociedad dominicana, siglo XIX y XX /
_bMichiel Baud.
264 1 _aSanto Domingo :
_bAcademia Dominicana de la Historia,
_c2020
300 _a668 páginas ;
_c21 cm.
336 _2rdacontent
_atexto
_btxt
337 _2rdamedia
_asin mediación
_bn
338 _2rdacarrier
_avolumen
_bnc
490 4 _aAcademia Dominicana de la Historia ;
_v157
500 _aIncluye índice onomástico.
500 _aIncluye referencias bibliográficas y notas al pie de las páginas.
500 _aIncluye datos biográficos del autor en las solapas de las cubiertas.
504 _aBibliografía: páginas 601-617.
505 0 _aIntroducción --
_tAcerca de los capítulos --
_tHistoria social y económica de la República Dominicana --
_tTabaco y sociedad en el Cibao --
_tPensamiento social y el papel de los intelectuales --
_tBibliografía.--
_tIndice onomástico.--
_tPublicaciones de la Academia Dominicana de la historia.
590 _aInventariado, 2024 / MF
650 0 _aConflicto social
_zRepública Dominicana
_91974
651 4 _aRepública Dominicana
_xCondiciones sociales
_946
651 4 _aRepública Dominicana
_xCondiciones económicas
_9281
910 _aValidado. Control de calidad MFF
942 _2ddc
_cLBS1
999 _c49750
_d49750